Statistiken für Anschlussstellen der BAB 4

Klicken Sie hier um das Quiz zu spielen!

Allgemein

  • Dieses Quiz wurde 46 mal gespielt
  • Das Durchschnittsergebnis liegt bei 58 aus 108

Antwortstatistiken

BundeslandAS-Nr.Anschlussstelle% Korrekt
Nordrhein-Westfalen15AD Köln-Heumar
97%
Nordrhein-Westfalen14AK Köln-Gremberg
97%
Nordrhein-Westfalen16AK Köln-Ost
97%
Nordrhein-Westfalen12AK Köln-Süd
97%
Nordrhein-Westfalen10AK Köln-West
97%
Nordrhein-Westfalen11bKöln-Eifeltor
97%
Nordrhein-Westfalen11aKöln-Klettenberg
97%
Nordrhein-Westfalen17Köln-Merheim
97%
Nordrhein-Westfalen13Köln-Poll
97%
Sachsen82AD Dresden-Nord
94%
Sachsen77bAD Dresden-West
94%
Thüringen45AK Erfurt
94%
Sachsen78Dresden-Altstadt
94%
Sachsen81bDresden-Flughafen
94%
Sachsen81aDresden-Hellerau
94%
Sachsen79Dresden-Neustadt
94%
Sachsen80Dresden-Wilder Mann
94%
Thüringen47aErfurt-Ost
94%
Thüringen47bErfurt-Vieselbach
94%
Thüringen46Erfurt-West
94%
Sachsen68AK Chemnitz
90%
Sachsen70Chemnitz-Glösa
90%
Sachsen69Chemnitz-Mitte
90%
Sachsen71Chemnitz-Ost
90%
Thüringen53Jena-Göschwitz
90%
Thüringen54Jena-Zentrum
90%
Thüringen58bGera
87%
Thüringen58aGera-Langenberg
87%
Thüringen59Gera-Leumnitz
87%
Nordrhein-Westfalen2Aachen-Laurensberg
84%
Nordrhein-Westfalen3Aachen-Zentrum
84%
Nordrhein-Westfalen4AK Aachen
84%
Thüringen40aEisenach-Ost
84%
Thüringen39Eisenach-West
84%
Sachsen94Görlitz
77%
Thüringen49Weimar
77%
Thüringen42Gotha
74%
Thüringen41bGotha-Boxberg
74%
Sachsen90Bautzen-Ost
71%
Sachsen89Bautzen-West
71%
Nordrhein-Westfalen8AK Kerpen
68%
Hessen32Bad Hersfeld
68%
Nordrhein-Westfalen6Düren
68%
Nordrhein-Westfalen8Kerpen
68%
Hessen31Kirchheimer Dreieck
61%
Nordrhein-Westfalen28AK Olpe-Süd
58%
Nordrhein-Westfalen9bFrechen-Nord
58%
Nordrhein-Westfalen20Bergisch Gladbach-Bensberg
55%
Nordrhein-Westfalen19Bergisch Gladbach-Frankenforst
55%
Nordrhein-Westfalen18Bergisch Gladbach-Refrath
55%
Sachsen83Hermsdorf
55%
Thüringen56aHermsdorfer Kreuz
55%
Thüringen56bHermsdorf-Ost
55%
Nordrhein-Westfalen5bEschweiler-Ost
45%
Nordrhein-Westfalen5aEschweiler-West
45%
Thüringen50Apolda
42%
Thüringen44Neudietendorf / Arnstadt-West
42%
Nordrhein-Westfalen25Gummersbach
39%
Hessen35Wildeck-Obersuhl
39%
Thüringen40bSättelstädt
35%
Thüringen61Schmölln
35%
Thüringen41aWaltershausen
35%
Hessen34Wildeck-Hönebach
35%
Hessen | Thüringen36Gerstungen
32%
Sachsen64Glauchau-Ost
32%
Sachsen63Glauchau-West
32%
Hessen38Herleshausen
32%
Sachsen62Meerane
32%
Sachsen84Ottendorf-Okrilla
32%
Thüringen55Stadtroda
32%
Sachsen76AD Nossen
29%
Hessen37bWommen
29%
Hessen33Friedewald
26%
Sachsen65Hohenstein-Ernstthal
26%
Nordrhein-Westfalen30Krombach
26%
Thüringen51Magdala
26%
Thüringen48Nohra
26%
Nordrhein-Westfalen22Overath
26%
Sachsen85Pulsnitz
26%
Nordrhein-Westfalen26Reichshof / Bergneustadt
26%
Nordrhein-Westfalen23Engelskirchen
23%
Thüringen60Ronneburg
23%
Thüringen43Wandersleben
23%
Nordrhein-Westfalen5cWeisweiler
23%
Nordrhein-Westfalen29Wenden
23%
Sachsen77aWilsdruff
23%
Nordrhein-Westfalen7bElsdorf
19%
Sachsen72Frankenberg
19%
Sachsen73Hainichen
19%
Nordrhein-Westfalen5dLangerwehe
19%
Sachsen67Limbach-Oberfrohna
19%
Nordrhein-Westfalen7aMerzenich
19%
Sachsen92Nieder Seifersdorf
19%
Sachsen75Siebenlehn
19%
Sachsen88aUhyst am Taucher
19%
Sachsen91Weißenberg
19%
Sachsen74Berbersdorf
16%
Nordrhein-Westfalen24Bielstein
16%
Sachsen87Burkau
16%
Nordrhein-Westfalen27Eckenhagen
16%
Sachsen93Kodersdorf
16%
Sachsen86Ohorn
16%
Sachsen88bSalzenforst
16%
Sachsen66Wüstenbrand
16%
Thüringen52Bucha
13%
Thüringen57Rüdersdorf
13%
Nordrhein-Westfalen21Untereschbach
13%

Verteilung der Resultate

Perzentil nach korrekt beantworteten Fragen

Anzahl Personen mit jedem Resultat

Ihre Resultats-Entwicklung

Sie haben dieses Quiz noch nicht gespielt